Selmeczbánya

Zobrazenie: Pohľad z lúky na kalváriu v diaľke, stojacu na zalesnenom kopci. Pod kopcom je les a medzi jeho stromami sú budovy

Bibliographic Details
Format: Postcard
Language:Hungarian
PhysicalDescription:1 pohľadnica kolorovaná 9 x 14 cm
Published: Selmeczbánya Joerges kiadása 1912
Subjects:

MARC

LEADER 00000nkm a2200000 a 4500
001 vtls011973479
003 SK-MaSNL
005 20260512123736.0
007 kp ho
008 230706s1912 xo g kuhun
015 |a SNBG1912 
035 |a urn:nbn:sk:snk-km00fdcc 
035 |a urn:nbn:sk:snk-km45ugr 
035 |a 9025A2A0-DD7E-4784-8ED2-25EBD55846B9 
040 |a SNK  |b slo  |c SNK  |e AACR2 
041 0 |a hun 
043 |a e-xo--- 
044 |a xo  |c SK 
072 7 |a 913  |x Regionálna geografia  |2 konspekt 
080 |a 913(437.6)  |2 2011 
080 |a 904(084.121)  |2 2011 
080 |a 726.95  |2 2011 
080 |a 94(084.121)  |2 2011 
245 0 0 |a Selmeczbánya  |h grafika 
260 |a Selmeczbánya  |b Joerges kiadása  |c 1912 
300 |a 1 pohľadnica  |b kolorovaná  |c 9 x 14 cm 
500 |a Názvové údaje prevzaté z obrazovej časti pohľadnice 
500 |a Na obrazovej časti uvedené: "M 01699" 
520 8 |a Zobrazenie: Pohľad z lúky na kalváriu v diaľke, stojacu na zalesnenom kopci. Pod kopcom je les a medzi jeho stromami sú budovy 
650 0 7 |a kultúrne pamiatky  |2 SNKPH  |9 2862 
650 0 7 |a kalvárie  |2 SNKPH  |9 3025 
651 7 |a Banská Štiavnica (Slovensko)  |2 SNKPHgeo  |9 16373 
655 7 |a miestne pohľadnice  |2 SNKPH  |9 70510 
655 7 |a pohľadnice kultúrnych pamiatok  |2 SNKPH  |9 70523 
655 7 |a historické pohľadnice  |2 SNKPH  |9 159703 
752 |a Slovensko  |d Banská Štiavnica 
852 |a Slovenská národná knižnica 
958 |a GC 
958 |a ONDV 
958 |a GBN 
999 |c 780320  |d 782250 
952 |a SNK  |b SNK  |y PREZ  |7 0  |p 17A1411620  |o snkSP 131520  |z Pohľadnica prešla poštou.  |0 0  |1 0  |4 0  |d 2020-06-11  |f 1  |l 0  |r 2026-02-24 01:02:39  |w 2026-02-24